000 00753nam a2200253Ia 4500
003 OSt
005 20220925220501.0
006 a|||||r|||| 00| 0
007 ta
008 220923b |||||||| |||| 00| 0 eng d
020 _a0 33 29499 8
037 _cGeneral Book
040 _aRTL
_cRTL
_beng
041 _2eng
_aeng
082 _aX.6.N8<-M00, M4
100 _aFreund Bill
_9114709
245 0 _aMaking of contemporary Africa
_b The development of African society since 1800
260 _aLondon
_bMacmillan
_c1984
300 _axv,357p.
_ccm.
500 _aBibliography p 289-338
650 _aAfrica Economic Conditions
_932254
942 _hX.6.N8<-M00, M4
_cGB
_2CC
999 _c571625
_d571625